Christ could not be tempted / (Record no. 4711)

MARC details
000 -LEADER
fixed length control field 00703nam a2200253Ia 4500
001 - CONTROL NUMBER
control field 18326
003 - CONTROL NUMBER IDENTIFIER
control field GBCCL
005 - DATE AND TIME OF LATEST TRANSACTION
control field 20241126110525.0
008 - FIXED-LENGTH DATA ELEMENTS--GENERAL INFORMATION
fixed length control field 920120q19801989txu 001 0 eng d
035 ## - SYSTEM CONTROL NUMBER
System control number (OCoLC)25135160
040 ## - CATALOGING SOURCE
Original cataloging agency IHT
Transcribing agency IHT
Modifying agency LBB
049 ## -
-- LBBK
082 ## - DEWEY DECIMAL CLASSIFICATION NUMBER
Classification number 232
Item number BES
090 ## - LOCALLY ASSIGNED LC-TYPE CALL NUMBER (OCLC); LOCAL CALL NUMBER (RLIN)
Classification number (OCLC) (R) ; Classification number, CALL (RLIN) (NR) BT355
Local cutter number (OCLC) ; Book number/undivided call number, CALL (RLIN) .B47 1980
092 0# - LOCALLY ASSIGNED DEWEY CALL NUMBER (OCLC)
Classification number 232
Item number B561c, 1980z
Edition number 20
100 1# - MAIN ENTRY--PERSONAL NAME
Personal name Best, W. E.
9 (RLIN) 453
245 10 - TITLE STATEMENT
Title Christ could not be tempted /
Statement of responsibility, etc. by W.E. Best.
260 ## - PUBLICATION, DISTRIBUTION, ETC.
Place of publication, distribution, etc. Houston, Tex. :
Name of publisher, distributor, etc. South Belt Assembly of Christ,
Date of publication, distribution, etc. [198-].
300 ## - PHYSICAL DESCRIPTION
Extent 134 p. ;
Dimensions 22 cm.
500 ## - GENERAL NOTE
General note Includes index.
600 00 - SUBJECT ADDED ENTRY--PERSONAL NAME
Personal name Jesus Christ
General subdivision Temptation.
9 (RLIN) 8615
600 00 - SUBJECT ADDED ENTRY--PERSONAL NAME
Personal name Jesus Christ
General subdivision Natures.
9 (RLIN) 8616
942 ## - ADDED ENTRY ELEMENTS (KOHA)
Source of classification or shelving scheme Dewey Decimal Classification
Koha item type Books
Koha issues (borrowed), all copies 10
Holdings
Withdrawn status Lost status Source of classification or shelving scheme Damaged status Not for loan Home library Current Library Shelving location Date acquired Total checkouts Full call number Barcode Date last seen Date last checked out Copy number Price effective from Koha item type
    Dewey Decimal Classification     GRACE BIBLE COLLEGE GRACE BIBLE COLLEGE Theology 2018-02-02 2 232 BES 003035 2025-05-01 2019-03-06 c.1 2018-02-02 Books
    Dewey Decimal Classification     GRACE BIBLE COLLEGE GRACE BIBLE COLLEGE Theology 2018-02-02 3 232 BES 003213 2025-05-01 2019-03-05 c.2 2018-02-02 Books
    Dewey Decimal Classification     GRACE BIBLE COLLEGE GRACE BIBLE COLLEGE Theology 2018-03-14 1 232 BES 003052 2025-05-01 2019-02-26 c.3 2018-03-14 Books
    Dewey Decimal Classification     GRACE BIBLE COLLEGE GRACE BIBLE COLLEGE Theology 2019-02-28 2 232 BES 004257 2025-05-01 2024-08-02 c.4 2019-02-28 Books
    Dewey Decimal Classification     GRACE BIBLE COLLEGE GRACE BIBLE COLLEGE Theology 2021-09-02 2 232 BES 004763 2025-05-01 2023-02-22 c.5 2021-09-02 Books
    Dewey Decimal Classification     GRACE BIBLE COLLEGE GRACE BIBLE COLLEGE Theology 2023-01-23   232 BES 020408 2025-05-01   c.6 2023-01-23 Books
© Grace Bible College Library 2025